| 000 | 00624nam a2200193Ia 4500 | ||
|---|---|---|---|
| 020 | _a9744800909 | ||
| 020 | _a9789744800909 | ||
| 040 | _cNNY | ||
| 082 | _a746 WHI 2005 A087 Or. | ||
| 100 | 1 | _aSon, Chu Thái. | |
| 245 | 1 | 0 | _aPatterns on textiles and other objects of the Êdê and Mnông in the central highlands of Vietnam / |
| 260 |
_aBangkok, Thailand : _bWhite Lotus Press, _cc2005. |
||
| 300 |
_axix, 163 p. : _bill. (some col.), maps ; _c30 cm. |
||
| 490 | 1 | _aStudies in the material cultures of Southeast Asia ; | |
| 650 | 0 | _aTextile fabrics | |
| 650 | 0 | _aTextile design | |
| 650 | 0 | _aEthnology | |
| 942 | _cFB | ||
| 999 |
_c14401 _d14401 |
||